<?xml version="1.0" encoding="UTF-8"?>
<record
    xmlns:xsi="http://www.w3.org/2001/XMLSchema-instance"
    xsi:schemaLocation="http://www.loc.gov/MARC21/slim http://www.loc.gov/standards/marcxml/schema/MARC21slim.xsd"
    xmlns="http://www.loc.gov/MARC21/slim">

  <leader>00571nam a2200169 a 4500</leader>
  <datafield tag="020" ind1=" " ind2=" ">
    <subfield code="a">8130918943 (paperback)</subfield>
  </datafield>
  <datafield tag="020" ind1=" " ind2=" ">
    <subfield code="a">9788130918945 (paperback)</subfield>
  </datafield>
  <datafield tag="082" ind1=" " ind2=" ">
    <subfield code="a">541.28 MCQ</subfield>
  </datafield>
  <datafield tag="100" ind1="1" ind2=" ">
    <subfield code="a">McQuarrie, Donald A.</subfield>
  </datafield>
  <datafield tag="245" ind1="1" ind2="0">
    <subfield code="a">Quantum chemistry</subfield>
  </datafield>
  <datafield tag="260" ind1=" " ind2=" ">
    <subfield code="a">517p</subfield>
    <subfield code="b">Viva Books,</subfield>
    <subfield code="c">2003</subfield>
  </datafield>
  <datafield tag="300" ind1=" " ind2=" ">
    <subfield code="a">518 p. ;</subfield>
  </datafield>
  <datafield tag="520" ind1=" " ind2=" ">
    <subfield code="a">"This text is a bargain in more ways than one." Journal of American Chemical Society Supplement: Solutions Manual.</subfield>
  </datafield>
  <datafield tag="650" ind1=" " ind2=" ">
    <subfield code="a">quantum chemistry,chemistry</subfield>
  </datafield>
  <datafield tag="856" ind1="4" ind2="0">
    <subfield code="u">http://www.amazon.com/exec/obidos/ASIN/8130918943/chopaconline-20</subfield>
  </datafield>
  <datafield tag="942" ind1=" " ind2=" ">
    <subfield code="c">BK</subfield>
  </datafield>
  <datafield tag="999" ind1=" " ind2=" ">
    <subfield code="c">673</subfield>
    <subfield code="d">673</subfield>
  </datafield>
  <datafield tag="952" ind1=" " ind2=" ">
    <subfield code="0">0</subfield>
    <subfield code="1">0</subfield>
    <subfield code="7">0</subfield>
    <subfield code="8">NFIC</subfield>
    <subfield code="a">IC</subfield>
    <subfield code="b">IC</subfield>
    <subfield code="c">GEN</subfield>
    <subfield code="d">2015-05-23</subfield>
    <subfield code="g">1382.00</subfield>
    <subfield code="l">84</subfield>
    <subfield code="m">7</subfield>
    <subfield code="o">541.28 MCQ</subfield>
    <subfield code="p">006858</subfield>
    <subfield code="r">2025-11-22 12:44:37</subfield>
    <subfield code="s">2025-10-26</subfield>
    <subfield code="w">2015-05-23</subfield>
    <subfield code="y">BK</subfield>
  </datafield>
  <datafield tag="952" ind1=" " ind2=" ">
    <subfield code="0">0</subfield>
    <subfield code="1">0</subfield>
    <subfield code="7">0</subfield>
    <subfield code="8">NFIC</subfield>
    <subfield code="a">IC</subfield>
    <subfield code="b">IC</subfield>
    <subfield code="c">GEN</subfield>
    <subfield code="d">2015-05-23</subfield>
    <subfield code="g">1174.00</subfield>
    <subfield code="l">61</subfield>
    <subfield code="m">4</subfield>
    <subfield code="o">541.28 MCQ</subfield>
    <subfield code="p">005882</subfield>
    <subfield code="r">2024-11-10 13:40:17</subfield>
    <subfield code="s">2024-10-29</subfield>
    <subfield code="w">2015-05-23</subfield>
    <subfield code="y">BK</subfield>
  </datafield>
  <datafield tag="952" ind1=" " ind2=" ">
    <subfield code="0">0</subfield>
    <subfield code="1">0</subfield>
    <subfield code="7">0</subfield>
    <subfield code="8">NFIC</subfield>
    <subfield code="a">IC</subfield>
    <subfield code="b">IC</subfield>
    <subfield code="c">GEN</subfield>
    <subfield code="d">2015-05-23</subfield>
    <subfield code="g">1174.00</subfield>
    <subfield code="l">75</subfield>
    <subfield code="m">4</subfield>
    <subfield code="o">541.28 MCQ</subfield>
    <subfield code="p">005931</subfield>
    <subfield code="r">2024-11-08 09:59:10</subfield>
    <subfield code="s">2024-10-31</subfield>
    <subfield code="w">2015-05-23</subfield>
    <subfield code="y">BK</subfield>
  </datafield>
  <datafield tag="952" ind1=" " ind2=" ">
    <subfield code="0">0</subfield>
    <subfield code="1">0</subfield>
    <subfield code="7">0</subfield>
    <subfield code="8">NFIC</subfield>
    <subfield code="a">IC</subfield>
    <subfield code="b">IC</subfield>
    <subfield code="c">GEN</subfield>
    <subfield code="d">2015-05-23</subfield>
    <subfield code="g">1245.00</subfield>
    <subfield code="l">7</subfield>
    <subfield code="m">1</subfield>
    <subfield code="o">541.28 MCQ</subfield>
    <subfield code="p">006589</subfield>
    <subfield code="r">2026-01-27 09:21:34</subfield>
    <subfield code="s">2026-01-17</subfield>
    <subfield code="y">SBK</subfield>
  </datafield>
  <datafield tag="952" ind1=" " ind2=" ">
    <subfield code="0">0</subfield>
    <subfield code="1">0</subfield>
    <subfield code="7">0</subfield>
    <subfield code="8">NFIC</subfield>
    <subfield code="a">IC</subfield>
    <subfield code="b">IC</subfield>
    <subfield code="c">GEN</subfield>
    <subfield code="d">2015-05-24</subfield>
    <subfield code="g">1245.00</subfield>
    <subfield code="l">19</subfield>
    <subfield code="m">3</subfield>
    <subfield code="o">541.28 MCQ</subfield>
    <subfield code="p">005883</subfield>
    <subfield code="r">2025-10-26 11:37:47</subfield>
    <subfield code="s">2025-10-12</subfield>
    <subfield code="w">2015-05-24</subfield>
    <subfield code="y">BK</subfield>
  </datafield>
  <datafield tag="952" ind1=" " ind2=" ">
    <subfield code="0">0</subfield>
    <subfield code="1">0</subfield>
    <subfield code="7">0</subfield>
    <subfield code="8">NFIC</subfield>
    <subfield code="a">IC</subfield>
    <subfield code="b">IC</subfield>
    <subfield code="c">GEN</subfield>
    <subfield code="d">2015-05-25</subfield>
    <subfield code="g">1921.00</subfield>
    <subfield code="l">67</subfield>
    <subfield code="m">4</subfield>
    <subfield code="o">541.28 MCQ</subfield>
    <subfield code="p">006286</subfield>
    <subfield code="r">2024-11-20 11:05:27</subfield>
    <subfield code="s">2024-11-03</subfield>
    <subfield code="w">2015-05-25</subfield>
    <subfield code="y">BK</subfield>
  </datafield>
  <datafield tag="952" ind1=" " ind2=" ">
    <subfield code="0">0</subfield>
    <subfield code="1">0</subfield>
    <subfield code="7">0</subfield>
    <subfield code="8">NFIC</subfield>
    <subfield code="a">IC</subfield>
    <subfield code="b">IC</subfield>
    <subfield code="c">GEN</subfield>
    <subfield code="d">2015-09-06</subfield>
    <subfield code="g">1921.00</subfield>
    <subfield code="l">0</subfield>
    <subfield code="o">541.28 MCQ</subfield>
    <subfield code="p">005930</subfield>
    <subfield code="r">2015-10-12 00:00:00</subfield>
    <subfield code="y">REF</subfield>
  </datafield>
  <datafield tag="952" ind1=" " ind2=" ">
    <subfield code="0">0</subfield>
    <subfield code="1">0</subfield>
    <subfield code="7">0</subfield>
    <subfield code="8">NFIC</subfield>
    <subfield code="a">IC</subfield>
    <subfield code="b">IC</subfield>
    <subfield code="c">GEN</subfield>
    <subfield code="d">2015-10-02</subfield>
    <subfield code="g">1921.00</subfield>
    <subfield code="l">55</subfield>
    <subfield code="m">3</subfield>
    <subfield code="o">541.28 MCQ</subfield>
    <subfield code="p">006954</subfield>
    <subfield code="r">2025-09-04 15:16:41</subfield>
    <subfield code="s">2025-08-12</subfield>
    <subfield code="w">2015-10-02</subfield>
    <subfield code="y">BK</subfield>
  </datafield>
  <datafield tag="952" ind1=" " ind2=" ">
    <subfield code="0">0</subfield>
    <subfield code="1">0</subfield>
    <subfield code="7">0</subfield>
    <subfield code="8">NFIC</subfield>
    <subfield code="a">IC</subfield>
    <subfield code="b">IC</subfield>
    <subfield code="c">GEN</subfield>
    <subfield code="d">2016-05-17</subfield>
    <subfield code="g">1921.00</subfield>
    <subfield code="h">donation</subfield>
    <subfield code="l">5</subfield>
    <subfield code="o">541.28 MCQ</subfield>
    <subfield code="p">007083</subfield>
    <subfield code="r">2026-01-27 09:27:15</subfield>
    <subfield code="s">2026-01-27</subfield>
    <subfield code="y">SBK</subfield>
  </datafield>
  <datafield tag="952" ind1=" " ind2=" ">
    <subfield code="0">0</subfield>
    <subfield code="1">0</subfield>
    <subfield code="7">0</subfield>
    <subfield code="8">NFIC</subfield>
    <subfield code="a">IC</subfield>
    <subfield code="b">IC</subfield>
    <subfield code="c">GEN</subfield>
    <subfield code="d">2016-05-17</subfield>
    <subfield code="g">1921.00</subfield>
    <subfield code="h">donation</subfield>
    <subfield code="l">56</subfield>
    <subfield code="m">4</subfield>
    <subfield code="o">541.28 MCQ</subfield>
    <subfield code="p">007084</subfield>
    <subfield code="r">2025-10-26 10:12:41</subfield>
    <subfield code="s">2025-10-06</subfield>
    <subfield code="y">BK</subfield>
  </datafield>
  <datafield tag="952" ind1=" " ind2=" ">
    <subfield code="0">0</subfield>
    <subfield code="1">0</subfield>
    <subfield code="7">0</subfield>
    <subfield code="8">NFIC</subfield>
    <subfield code="a">IC</subfield>
    <subfield code="b">IC</subfield>
    <subfield code="c">GEN</subfield>
    <subfield code="d">2016-05-17</subfield>
    <subfield code="g">1921.00</subfield>
    <subfield code="h">donation</subfield>
    <subfield code="l">57</subfield>
    <subfield code="m">7</subfield>
    <subfield code="o">541.28 MCQ</subfield>
    <subfield code="p">007085</subfield>
    <subfield code="r">2026-01-28 10:24:41</subfield>
    <subfield code="s">2026-01-17</subfield>
    <subfield code="y">BK</subfield>
  </datafield>
  <datafield tag="952" ind1=" " ind2=" ">
    <subfield code="0">0</subfield>
    <subfield code="1">0</subfield>
    <subfield code="7">0</subfield>
    <subfield code="8">NFIC</subfield>
    <subfield code="a">IC</subfield>
    <subfield code="b">IC</subfield>
    <subfield code="c">GEN</subfield>
    <subfield code="d">2018-05-19</subfield>
    <subfield code="g">1921.00</subfield>
    <subfield code="l">27</subfield>
    <subfield code="m">2</subfield>
    <subfield code="o">541.28 MCQ</subfield>
    <subfield code="p">PCB04</subfield>
    <subfield code="r">2025-08-31 09:42:43</subfield>
    <subfield code="s">2025-08-24</subfield>
    <subfield code="y">BK</subfield>
  </datafield>
  <datafield tag="952" ind1=" " ind2=" ">
    <subfield code="0">0</subfield>
    <subfield code="1">0</subfield>
    <subfield code="7">0</subfield>
    <subfield code="8">NFIC</subfield>
    <subfield code="a">IC</subfield>
    <subfield code="b">IC</subfield>
    <subfield code="c">GEN</subfield>
    <subfield code="d">2018-05-19</subfield>
    <subfield code="g">1921.00</subfield>
    <subfield code="l">22</subfield>
    <subfield code="m">2</subfield>
    <subfield code="o">541.28 MCQ</subfield>
    <subfield code="p">PCB01</subfield>
    <subfield code="r">2025-10-26 11:08:11</subfield>
    <subfield code="s">2025-10-11</subfield>
    <subfield code="w">2018-05-19</subfield>
    <subfield code="y">BK</subfield>
  </datafield>
  <datafield tag="952" ind1=" " ind2=" ">
    <subfield code="0">0</subfield>
    <subfield code="1">0</subfield>
    <subfield code="7">0</subfield>
    <subfield code="8">NFIC</subfield>
    <subfield code="a">IC</subfield>
    <subfield code="b">IC</subfield>
    <subfield code="c">GEN</subfield>
    <subfield code="d">2018-05-19</subfield>
    <subfield code="g">1921.00</subfield>
    <subfield code="l">25</subfield>
    <subfield code="m">6</subfield>
    <subfield code="o">541.28 MCQ</subfield>
    <subfield code="p">PCB02</subfield>
    <subfield code="r">2025-08-28 12:25:04</subfield>
    <subfield code="s">2025-08-14</subfield>
    <subfield code="w">2018-05-19</subfield>
    <subfield code="y">BK</subfield>
  </datafield>
  <datafield tag="952" ind1=" " ind2=" ">
    <subfield code="0">0</subfield>
    <subfield code="1">0</subfield>
    <subfield code="7">0</subfield>
    <subfield code="8">NFIC</subfield>
    <subfield code="a">IC</subfield>
    <subfield code="b">IC</subfield>
    <subfield code="c">GEN</subfield>
    <subfield code="d">2018-05-19</subfield>
    <subfield code="g">1921.00</subfield>
    <subfield code="l">29</subfield>
    <subfield code="m">2</subfield>
    <subfield code="o">541.28 MCQ</subfield>
    <subfield code="p">PCB03</subfield>
    <subfield code="r">2025-08-06 11:06:16</subfield>
    <subfield code="s">2025-07-23</subfield>
    <subfield code="w">2018-05-19</subfield>
    <subfield code="y">BK</subfield>
  </datafield>
  <datafield tag="952" ind1=" " ind2=" ">
    <subfield code="0">0</subfield>
    <subfield code="1">0</subfield>
    <subfield code="7">0</subfield>
    <subfield code="8">NFIC</subfield>
    <subfield code="a">IC</subfield>
    <subfield code="b">IC</subfield>
    <subfield code="c">GEN</subfield>
    <subfield code="d">2019-01-16</subfield>
    <subfield code="g">1921.00</subfield>
    <subfield code="l">36</subfield>
    <subfield code="m">8</subfield>
    <subfield code="o">541.28 MCQ</subfield>
    <subfield code="p">007349</subfield>
    <subfield code="r">2025-08-23 14:57:04</subfield>
    <subfield code="s">2025-08-09</subfield>
    <subfield code="w">2019-01-16</subfield>
    <subfield code="y">BK</subfield>
  </datafield>
</record>
